000 01167nam a2200361 c 4500
001 24062
003 ES-MaCES
005 20141221122902.0
008 111102s2011 sp bd t o000 | spa d
020 _a9788478117130
024 7 _a705-11-010-4
_2nipo
035 _aCES20110008480m
040 _aES-MaCES
_bspa
_cES-MaCES
245 0 0 _aClaves de la economía mundial 2011
260 _aMadrid
_bInstituto Español de Comercio Exterior (ICEX)
_c[2011]
300 _a457 p.
_bmapas, gráf. col.
_c26 cm
_e1 CD-ROM
500 _aDisponible también en CD-ROM
500 _aÍndices
541 _cCompra
650 4 _acondiciones económicas
_927081
650 4 _aindicador económico
_927073
650 4 _apaís desarrollado
_927091
650 4 _apaís en desarrollo
_927092
650 4 _a2011
_931999
650 4 _acuadros estadísticos
_928890
650 4 _aCD ROM
_930331
653 1 0 _aCondiciones económicas
710 2 _aInstituto Español de Comercio Exterior
_eed.
_94220
787 0 _tClaves de la economía mundial 2008
_w(ES-MaCES)21629
902 _aLIB Libro
942 _2CES
_cBK
_h0.0.
999 _c24062
_d24062